| 000 | 10787nam a22008297a 4500 | ||
|---|---|---|---|
| 005 | 20090526114641.0 | ||
| 008 | 090526t xxu||||| |||| 00| 0 hin d | ||
| 010 | _aHIN-86608 | ||
| 020 |
_a9788177831526 _c300.00 |
||
| 035 | _aHN-58954 | ||
| 035 | _aB-356405-448 | ||
| 037 | _bDBAD / PUB | ||
| 037 | _bप्रवीण प्रकाशन | ||
| 040 |
_adpl _bhn |
||
| 082 | _a371.2 | ||
| 100 | _aजयराम सिंह | ||
| 245 |
_aविद्यालय प्रबन्ध में कम्प्यूटर का प्रयोग / _cजयराम सिंह |
||
| 246 |
_aVidhyaalaya prabandha me Computer kaa prayoga _bby Jayram Singh |
||
| 260 |
_aनई दिल्ली _bप्रवीण प्रकाशन _c2008 |
||
| 270 |
_a4760-61, द्वितीय तल, 23 अंसारी रोड़, दरियागंज _bनई दिल्ली _e110002 |
||
| 300 |
_a191पृ. _bसचित्र _c22सेमी (सजिल्द) |
||
| 650 |
_aविद्यालय सुधार कार्यक्रम _zभारत |
||
| 650 | _aSchool management program | ||
| 650 |
_aSchool managenment programme _zIndia |
||
| 942 |
_2ddc _cHN _h371.2 _mजयरा |
||
| 999 |
_c26806 _d26806 |
||